[Event "Pamplona FNA 2nd"]
[Site "Pamplona"]
[Date "2022.01.03"]
[Round "2"]
[White "Munoz Pantoja, Miguel Angel"]
[Black "Urriza Iricibar, Pablo"]
[Result "1-0"]
[WhiteElo "2424"]
[BlackElo "2312"]
[PlyCount "65"]
[EventDate "2022.01.02"]
[EventType "tourn"]
[EventRounds "9"]
[EventCountry "ESP"]
[EventCategory "4"]
[SourceTitle "EXT 2023"]
[Source "ChessBase"]
[SourceDate "2022.10.05"]
[SourceVersion "1"]
[SourceVersionDate "2022.10.05"]
[SourceQuality "1"]

1. e4 c5 2. Nf3 d6 3. Bb5+ Nd7 4. d4 cxd4 5. Qxd4 a6 6. Bxd7+ Qxd7 7. 0-0 e5 8. Qd3 f5 9. Nc3 Nf6 10. Bg5 Nxe4 11. Nxe4 fxe4 12. Qxe4 Qf5 13. Qe3 h6 14. Bh4 g5 15. Bg3 Be7 16. c4 g4 17. Nd2 0-0 18. f4 gxf3 19. Nxf3 Qg6 20. c5 dxc5 21. Qxe5 Rf7 22. Rae1 Bd7 23. Qd5 Bc6 24. Qb3 c4 25. Qxc4 Bb5 26. Qb3 Bc5+ 27. Kh1 Bxf1 28. Ne5 Qf5 29. Nxf7 Bxg2+ 30. Kxg2 Qxf7 31. Re6 Rf8 32. Bf4 b5 33. Qg3+ 1-0

[Event "Basque-ch"]
[Site "Getxo"]
[Date "2019.04.27"]
[Round "6"]
[White "Martinez Fernandez, Adrian"]
[Black "Urriza Iricibar, Pablo"]
[Result "0-1"]
[WhiteElo "2318"]
[BlackElo "2301"]
[PlyCount "130"]
[EventDate "2019.04.22"]
[EventType "swiss"]
[EventRounds "7"]
[EventCountry "ESP"]
[SourceTitle "CBM 190 Extra"]
[Source "ChessBase"]
[SourceDate "2019.07.15"]
[SourceVersion "1"]
[SourceVersionDate "2019.07.15"]
[SourceQuality "1"]

1. e4 c5 2. Nf3 d6 3. d4 cxd4 4. Nxd4 Nf6 5. Nc3 a6 6. Be3 e6 7. f3 b5 8. Qd2 Nbd7 9. 0-0-0 Nb6 10. Bd3 Bb7 11. Kb1 Rc8 12. g4 Nfd7 13. Qf2 Be7 14. h4 Rxc3 15. bxc3 Na4 16. Bd2 Qc7 17. Qe1 d5 18. g5 0-0 19. h5 Qd6 20. Ka1 Rc8 21. Rb1 dxe4 22. fxe4 Qc7 23. Rg1 Nxc3 24. Bxc3 Qxc3+ 25. Qxc3 Rxc3 26. Kb2 b4 27. Rg2 Nc5 28. Rd1 Nxe4 29. Bxe4 Bxe4 30. Re2 Bd5 31. Nf5 Bf8 32. Rxd5 exd5 33. Re8 Rc7 34. Ra8 g6 35. Ne3 gxh5 36. Nxd5 Rb7 37. Nf6+ Kg7 38. Rxa6 h4 39. Nh5+ Kg8 40. Nf6+ Kh8 41. Ra8 Kg7 42. Rd8 h6 43. Ne8+ Kg6 44. gxh6 Kxh6 45. Kb3 Be7 46. Rd5 Kg6 47. Rd1 Bg5 48. Rg1 Rd7 49. Kxb4 Rd2 50. c4 h3 51. Rh1 h2 52. a4 Bf4 53. a5 Rd8 54. c5 Rxe8 55. a6 Kg5 56. c6 Kg4 57. Kb5 Kg3 58. Ra1 Be3 59. c7 Bg1 60. Ra3+ Kh4 61. Ra4+ Kh5 62. Re4 h1Q 63. Rxe8 Qd5+ 64. Kb4 Qc5+ 65. Kb3 Qb5+ 0-1

[Event "San Sebastian op 41st"]
[Site "San Sebastian"]
[Date "2018.03.28"]
[Round "6"]
[White "Urriza Iricibar, Pablo"]
[Black "Vazquez Igarza, Renier"]
[Result "0-1"]
[WhiteElo "2232"]
[BlackElo "2559"]
[PlyCount "44"]
[EventDate "2018.03.24"]
[EventType "swiss"]
[EventRounds "9"]
[EventCountry "ESP"]
[SourceTitle "CBM 183 Extra"]
[Source "ChessBase"]
[SourceDate "2018.04.19"]
[SourceVersion "1"]
[SourceVersionDate "2018.04.19"]
[SourceQuality "1"]

1. e4 c6 2. d4 d5 3. e5 Bf5 4. h4 h6 5. g4 Bd7 6. f4 h5 7. f5 e6 8. fxe6 Bxe6 9. gxh5 c5 10. c3 Nc6 11. Be3 Nh6 12. Qb3 cxd4 13. cxd4 Bb4+ 14. Nd2 Nf5 15. Ngf3 Qb6 16. 0-0-0 Rc8 17. Kb1 Na5 18. Qd3 Nc4 19. Bf2 Ne7 20. Bh3 Nxb2 21. Qb3 Nxd1 22. Bxe6 Nc3+ 0-1

[Event "San Sebastian op 41st"]
[Site "San Sebastian"]
[Date "2018.03.27"]
[Round "5"]
[White "Garcia Martinez, Marcos"]
[Black "Urriza Iricibar, Pablo"]
[Result "0-1"]
[WhiteElo "2100"]
[BlackElo "2232"]
[PlyCount "62"]
[EventDate "2018.03.24"]
[EventType "swiss"]
[EventRounds "9"]
[EventCountry "ESP"]
[SourceTitle "CBM 183 Extra"]
[Source "ChessBase"]
[SourceDate "2018.04.19"]
[SourceVersion "1"]
[SourceVersionDate "2018.04.19"]
[SourceQuality "1"]

1. d4 Nf6 2. g3 c5 3. d5 b5 4. Bg2 d6 5. e4 Bb7 6. Ne2 g6 7. 0-0 Bg7 8. a4 b4 9. c4 bxc3 10. Nexc3 0-0 11. Na3 Na6 12. Bf4 Nb4 13. Qd2 Re8 14. Bh6 Bh8 15. h3 Ba6 16. Nab5 Nd7 17. f4 Rb8 18. Kh2 Nb6 19. b3 c4 20. Rfb1 Bxb5 21. axb5 Qc7 22. Bf1 cxb3 23. Rxb3 Rec8 24. Raa3 Nc4 25. Bxc4 Qxc4 26. Nd1 Nc2 27. Rc3 Bxc3 28. Rxc3 Qxe4 29. Nf2 Qa4 30. Ng4 Nd4 31. h4 Nf3+ 0-1

[Event "Navarra-ch"]
[Site "Pamplona"]
[Date "2017.04.29"]
[Round "5"]
[White "Urriza Iricibar, Pablo"]
[Black "Jimenez Almeida, Luis David"]
[Result "0-1"]
[WhiteElo "2174"]
[BlackElo "2252"]
[PlyCount "70"]
[EventDate "2017.03.11"]
[EventType "swiss"]
[EventRounds "7"]
[EventCountry "ESP"]
[SourceTitle "EXT 2018"]
[Source "ChessBase"]
[SourceDate "2017.10.13"]
[SourceVersion "1"]
[SourceVersionDate "2017.10.13"]
[SourceQuality "1"]

1. e4 d5 2. exd5 Qxd5 3. Nc3 Qd6 4. d4 Nf6 5. Nf3 c6 6. Ne5 Nbd7 7. Nc4 Qc7 8. g3 Nb6 9. Bf4 Qd7 10. Ne5 Qe6 11. Qf3 Nfd5 12. Nxd5 Nxd5 13. 0-0-0 Nxf4 14. Qxf4 Qf6 15. Qe3 g6 16. Bc4 Be6 17. Qb3 Bxc4 18. Qxb7 Bh6+ 19. f4 0-0 20. Nxc4 g5 21. fxg5 Qxg5+ 22. Kb1 Rab8 23. Qa6 Bg7 24. Rhe1 c5 25. Qa5 Rfc8 26. Ne5 cxd4 27. Rxd4 Qf5 28. Rd2 Rb6 29. Qd5 Rcb8 30. b3 Rb5 31. Qxb5 Rxb5 32. Rd8+ Bf8 33. Nd7 Kg7 34. Nxf8 Rd5 35. Re8 Rc5 0-1

[Event "San Sebastian op 40th"]
[Site "San Sebastian"]
[Date "2017.04.15"]
[Round "9"]
[White "Narciso Dublan, Marc"]
[Black "Urriza Iricibar, Pablo"]
[Result "1-0"]
[WhiteElo "2508"]
[BlackElo "2228"]
[PlyCount "95"]
[EventDate "2017.04.08"]
[EventType "swiss"]
[EventRounds "9"]
[EventCountry "ESP"]
[SourceTitle "CBM 177 Extra"]
[Source "ChessBase"]
[SourceDate "2017.04.27"]
[SourceVersion "1"]
[SourceVersionDate "2017.04.27"]
[SourceQuality "1"]

1. d4 c5 2. d5 Nf6 3. c4 e6 4. Nc3 exd5 5. cxd5 d6 6. e4 g6 7. Nge2 Bg7 8. Ng3 0-0 9. Be2 Na6 10. 0-0 Nc7 11. a4 a6 12. Bg5 h6 13. Be3 Re8 14. Qd2 Kh7 15. h3 Rb8 16. a5 Bd7 17. f3 b5 18. axb6 Rxb6 19. Rfb1 Qa8 20. Bc4 Qb7 21. b3 Bb5 22. Nge2 Nd7 23. Bxb5 axb5 24. b4 Na6 25. bxc5 dxc5 26. Ra2 b4 27. Na4 Rb5 28. Nb2 Bxb2 29. Qxb2 Ne5 30. Qa1 Rb6 31. Ra4 Nc4 32. Bc1 Ra8 33. Nf4 Nc7 34. Rxa8 Qxa8 35. Qxa8 Nxa8 36. Ra1 Rb8 37. Ra7 Kg8 38. Nd3 b3 39. Bf4 Rc8 40. d6 b2 41. Rb7 Nxd6 42. Bxd6 c4 43. Nxb2 c3 44. Nd3 c2 45. Rb8 Rxb8 46. Bxb8 Nb6 47. Bf4 g5 48. Bc1 1-0

[Event "Navarra-ch"]
[Site "Pamplona"]
[Date "2017.04.01"]
[Round "3"]
[White "Urriza Iricibar, Pablo"]
[Black "Lizuain Toni, Javier"]
[Result "1-0"]
[WhiteElo "2174"]
[BlackElo "1943"]
[PlyCount "53"]
[EventDate "2017.03.11"]
[EventType "swiss"]
[EventRounds "7"]
[EventCountry "ESP"]
[SourceTitle "EXT 2018"]
[Source "ChessBase"]
[SourceDate "2017.10.13"]
[SourceVersion "1"]
[SourceVersionDate "2017.10.13"]
[SourceQuality "1"]

1. e4 e5 2. Nf3 Nc6 3. Bb5 Nd4 4. Nxd4 exd4 5. 0-0 c6 6. Bc4 Nf6 7. Re1 d6 8. c3 Ng4 9. h3 Ne5 10. d3 Nxc4 11. dxc4 dxc3 12. Nxc3 Be7 13. Bf4 0-0 14. Qd3 Be6 15. b3 Qa5 16. Rac1 Rad8 17. Qg3 Qh5 18. Red1 d5 19. cxd5 cxd5 20. exd5 Ba3 21. dxe6 Bxc1 22. Rxc1 fxe6 23. Be5 Qh6 24. f4 Rd2 25. Ne4 Rd7 26. Qg4 Rfd8 27. Nf6+ 1-0

[Event "Euskadi-chT (Vasca) Div Honor"]
[Site "Bergara"]
[Date "2017.02.04"]
[Round "4.3"]
[White "Marchena Hurtado, Javier"]
[Black "Urriza Iricibar, Pablo"]
[Result "0-1"]
[WhiteElo "2357"]
[BlackElo "2174"]
[PlyCount "60"]
[EventDate "2017.01.14"]
[EventType "team-tourn"]
[EventRounds "9"]
[EventCountry "ESP"]
[SourceTitle "EXT 2024"]
[Source "ChessBase"]
[SourceDate "2023.10.10"]
[SourceVersion "1"]
[SourceVersionDate "2023.10.10"]
[SourceQuality "1"]

1. d4 c5 2. d5 g6 3. c4 Bg7 4. e4 d6 5. Nf3 Nf6 6. Nc3 0-0 7. h3 e6 8. Bd3 exd5 9. cxd5 a6 10. a4 Nh5 11. 0-0 Nd7 12. Re1 Ne5 13. Be2 Nxf3+ 14. Bxf3 Qh4 15. Bxh5 gxh5 16. Qf3 Be5 17. Bh6 Re8 18. a5 Kh8 19. Ra3 Rg8 20. Nd1 Rg6 21. Bd2 Bd7 22. Bc3 f6 23. Bxe5 fxe5 24. Kh2 Rag8 25. Rg1 Bg4 26. Qg3 Qf6 27. f3 h4 28. Qf2 Bxh3 29. Kxh3 Qf4 30. Qe3 Qg3# 0-1

[Event "Navarra-chT"]
[Site "Navarra"]
[Date "2016.11.12"]
[Round "6.4"]
[White "Apesteguia Domaica, Jose Antonio"]
[Black "Urriza Iricibar, Pablo"]
[Result "0-1"]
[WhiteElo "1869"]
[BlackElo "2170"]
[PlyCount "40"]
[EventDate "2016.10.08"]
[EventType "team-tourn"]
[EventRounds "7"]
[EventCountry "ESP"]
[SourceTitle "CBM 175 Extra"]
[Source "ChessBase"]
[SourceDate "2016.12.12"]
[SourceVersion "1"]
[SourceVersionDate "2016.12.12"]
[SourceQuality "1"]
[WhiteTeam "Mikel Gurea"]
[BlackTeam "Orvina"]
[WhiteTeamCountry "ESP"]
[BlackTeamCountry "ESP"]

1. d4 c5 2. d5 g6 3. c4 Bg7 4. e4 d6 5. f4 e6 6. Nf3 exd5 7. exd5 Bg4 8. Be2 Ne7 9. 0-0 0-0 10. Nc3 Nf5 11. Qd3 Re8 12. Bd2 Bxf3 13. Bxf3 Na6 14. a3 Qh4 15. Be4 Bd4+ 16. Kh1 Bxc3 17. Bxc3 Rxe4 18. g3 Qe7 19. g4 Re3 20. Qc2 Nd4 0-1

[Event "Barcelona Sants op 17th"]
[Site "Barcelona"]
[Date "2015.08.24"]
[Round "4"]
[White "Ramirez Garcia, Jorge Alberto"]
[Black "Urriza Iricibar, Pablo"]
[Result "1/2-1/2"]
[WhiteElo "2321"]
[BlackElo "2140"]
[PlyCount "92"]
[EventDate "2015.08.21"]
[EventType "swiss"]
[EventRounds "10"]
[EventCountry "ESP"]
[SourceTitle "EXT 2016"]
[Source "ChessBase"]
[SourceDate "2015.10.08"]
[SourceVersion "1"]
[SourceVersionDate "2015.10.08"]
[SourceQuality "1"]

1. Nf3 g6 2. d4 Nf6 3. c3 Bg7 4. Bg5 0-0 5. Nbd2 h6 6. Bxf6 Bxf6 7. e4 d6 8. Bc4 Bg7 9. 0-0 Nd7 10. Re1 c5 11. a4 Qc7 12. Qe2 e5 13. dxe5 Nxe5 14. Bd5 Be6 15. Nxe5 Bxe5 16. Bxe6 fxe6 17. Nc4 Bg7 18. Qg4 Qf7 19. Qg3 d5 20. Nd6 Qf6 21. e5 Qg5 22. Nxb7 Rab8 23. Nxc5 Rxb2 24. f4 Qf5 25. Nd3 Rd2 26. Red1 Rc2 27. Nb4 Rb2 28. Nc6 Rf7 29. Rf1 Bf8 30. Kh1 Bc5 31. Nd4 Bxd4 32. cxd4 Kh7 33. Rac1 Rb4 34. Qc3 Rxa4 35. h3 Ra2 36. Qb3 Rd2 37. Rc8 Qd3 38. Qxd3 Rxd3 39. Re8 Rxd4 40. Rxe6 Rdxf4 41. Rxf4 Rxf4 42. Re7+ Kg8 43. Rd7 d4 44. Rxa7 Re4 45. Rd7 Rxe5 46. Rxd4 Kg7 1/2-1/2

[Event "San Sebastian op 38th"]
[Site "San Sebastian"]
[Date "2015.03.29"]
[Round "3"]
[White "Vazquez Igarza, Renier"]
[Black "Urriza Iricibar, Pablo"]
[Result "1-0"]
[WhiteElo "2596"]
[BlackElo "2180"]
[PlyCount "69"]
[EventDate "2015.03.28"]
[EventType "swiss"]
[EventRounds "9"]
[EventCountry "ESP"]
[SourceTitle "CBM 165 Extra"]
[Source "ChessBase"]
[SourceDate "2015.04.21"]
[SourceVersion "1"]
[SourceVersionDate "2015.04.21"]
[SourceQuality "1"]

1. Nf3 g6 2. e4 Bg7 3. d4 c5 4. c3 cxd4 5. cxd4 d5 6. e5 Nc6 7. Bb5 Bg4 8. Bxc6+ bxc6 9. Nbd2 c5 10. dxc5 Qa5 11. 0-0 Qxc5 12. h3 Bd7 13. Nb3 Qc4 14. Be3 e6 15. Nc5 Ne7 16. Qd2 Rb8 17. Nxd7 Kxd7 18. Bxa7 Rb7 19. Bd4 Nf5 20. Rfc1 Bh6 21. Rxc4 Bxd2 22. Rc2 Bf4 23. Rd1 h5 24. g3 Bh6 25. Kg2 Ra8 26. a3 Bg7 27. Rd3 Ra4 28. Bc5 Re4 29. b4 Bxe5 30. Kf1 Bd6 31. Nd2 Re5 32. g4 hxg4 33. hxg4 Nh6 34. Bxd6 Kxd6 35. Nc4+ 1-0